| 000 | 00536nam a2200217Ia 4500 | ||
|---|---|---|---|
| 003 | BUBTL | ||
| 008 | 151213s9999 xx 000 0 und d | ||
| 082 | _a343.056/RE | ||
| 100 |
_aD L R _93935 |
||
| 245 |
_aThe Customs Act IV of 1969 _cD L R |
||
| 250 | _a1st | ||
| 260 |
_aDhaka _bD L R _cc 2002 |
||
| 300 |
_a[48] , 580p . : _b25 cm. |
||
| 500 | _aIncludes Index | ||
| 650 |
_aLaw _93936 |
||
| 650 |
_aLaw _93936 |
||
| 700 |
_aD L R _93935 |
||
| 856 |
_k0 _l0 _yDownload |
||
| 942 |
_2ddc _cBK |
||
| 999 |
_c4065 _d4065 |
||